00570 2200217 4500001002100000005001700021008004100038035002400079082001200103090002300115100001800138245003600156260006000192300002100252650002100273850001200294980001300306985000600319986001200325999001500337YOGYA-0209000002727520090227024128.0 ind  0010-020900000027275 a658.306 a658.306bSud AlQT aSUDARJO, Alip aAnalisis jabatancAlip Sudardjo aYogyakartabBiro organisasi sekwilda propinsi DIYc2000 a57 lembarc28 cm aAnalisis jabatan aYOPDYOG a07-03-07 a1 aIndah.P a06A0020601